Γεωπολιτική της φτώχειας : το σύγχρονο δουλεμπόριο υπό το πρίσμα του ευρωπαϊκού και εσωτερικού δικαίου : πτυχιακή εργασία

Saved in:
Bibliographic Details
Main Author: Παπαγιάννη, Καλομοίρα
Corporate Author: Πανεπιστήμιο Αιγαίου Σχολή Επιστημών της Διοίκησης Τμήμα Ναυτιλίας και Επιχειρηματικών Υπηρεσιών - Τ.Ν.Ε.Υ
Other Authors: Σιούσιουρας, Πέτρος Π. (Thesis advisor)
Format: Thesis Book
Language:Greek
Published: 2011
Subjects:
Online Access:http://hdl.handle.net/11610/9396
Tags: Add Tag
No Tags, Be the first to tag this record!

MARC

LEADER 00000cam a2200000 i 4500
001 1/36409
008 130909s2011 gre d
035 |l 10115636 
040 |a GR-MY-UA  |b gre  |e aacr 
041 0 |a gre 
082 0 |a 306.74  |2 (22) 
100 1 |a Παπαγιάννη, Καλομοίρα. 
245 1 0 |a Γεωπολιτική της φτώχειας :  |b το σύγχρονο δουλεμπόριο υπό το πρίσμα του ευρωπαϊκού και εσωτερικού δικαίου : πτυχιακή εργασία /  |c επιμέλεια: Παπαγιαννάκη Καλομοίρα ; επιβλέπων: Σιούσιουρας Πέτρος 
260 |c 2011 
300 |a 123 σ.;  |b πίν., διαγρ., χάρτες;  |c 30 εκ. 
502 # # |a Πτυχιακή εργασία – Πανεπιστήμιο Αιγαίου, Χίος, 2011. 
504 |a Περιλαμβάνει βιβλιογραφία 
650 0 0 |a Prostitution. 
650 0 0 |a Women  |x Crimes against. 
650 0 0 |a Women immigrants  |x Abuse of. 
650 0 0 |a Dissertations, Academic  |z Greece. 
700 1 |4 ths  |a Σιούσιουρας, Πέτρος Π. 
710 1 |a Πανεπιστήμιο Αιγαίου  |b Σχολή Επιστημών της Διοίκησης  |b Τμήμα Ναυτιλίας και Επιχειρηματικών Υπηρεσιών - Τ.Ν.Ε.Υ. 
852 |a INST  |b CHIOS  |c DIATR  |e 20130918  |h 306.74 ΠΑΠ  |p 005200033076  |q 005200033076  |t DIE  |y 23 
852 |a INST  |b CHIOS  |c DIATR  |e 20130909  |h 306.74 ΠΑΠ  |p 005200033077  |q 005200033077  |t DIE  |y 23 
856 |u http://hdl.handle.net/11610/9396 
901 |a BIBL2-2013-3 
909 |a Χ  |b 169131 
909 |a Χ  |b 169132 
924 |a ΠΑΠΑΓΙΑΝΝΑΚΗ  |b ΚΑΛΟΜΟΙΡΑ  |y ΧΙΟΣ  |z 2012-02 
970 |a ΠΑΡΟΙΚΑΚΗ  |b ΒΑΣΙΛΙΚΗ  |z 2013/09/09